Statistics for A-Z MCU Characters 1

Click here to take the quiz!

General Stats

  • This quiz has been taken 39 times
  • The average score is 14 of 26

Answer Stats

LetterHintCharacter% Correct
BThe protector of WakandaBlack Panther
100%
HAn archer with impeccable aim, real name Clint BartonHawkeye
87%
IGenius, billionaire, playboy, philanthropistIron Man
84%
OThe ex-king of Asgard; adopted a Frost Giant babyOdin
84%
VThe “king” of New Asgard; owns a PegasusValkyrie
74%
QThe speedster Maximoff twin; was killed by Ultron while protecting a fellow AvengerQuicksilver
71%
LThe God of Stories, who is trapped to a throne holding the multiverseLoki
65%
AThe gold-skinned child of Queen Ayesha{Adam} Warlock
61%
CAn British version of the star-spangled man, was sliced in half by her own shieldCaptain Carter
61%
MHas Dissociative Identity Disorder; is the avatar of KhonshuMoon Knight
61%
SThe sorceress who destroyed the original Darkhold at Mt. WundagoreScarlet Witch
61%
NA mutant with wings on his ankles and rules TalokanNamor
58%
JA great rival of the above; created and owns Hammer Industries{Justin} Hammer
55%
PKilled by Loki just before the Battle of Earth; his death inspired the Avengers to fight{Phil} Coulson
55%
RThe Soviet version of Captain AmericaRed Guardian
52%
KControls the Yaka Arrow; voice often cracks when speaking{Kraglin} Obfonteri
48%
TThe father of G’iah; worked with Carol Danvers to find the Skrulls a homeTalos
45%
WThe new Vision recreated from the original’s bodyWhite Vision
45%
EThe brother of Thanos, known as StarfoxEros
42%
GAlso known as En Dwi Gast, this Elder resides on SakaarGrandmaster
39%
FA member of the Warriors Three; is jovial and swashbucklingFandral
32%
UThe “new” Captain America; is a member of the ThunderboltsU.S. Agent
32%
XThe sister of Shang-ChiXu {Xialing}
32%
DThe leader of the Howling Commandos, real name TimothyDum Dum Dugan
29%
ZThe Wakandans’ ex-priest; was killed by Killmonger. Alter-ego “James”Zuri
19%
YThe Aladnean husband of Carol DanversYan
16%

Score Distribution

Percentile by Number Answered

Percent of People with Each Score

Your Score History

You have not taken this quiz